000
00339nam a2200133Ia 4500
008
191206s9999 xx 000 0 und d
020
_a
908311737
090
_a
MLCS94/148519(P)
245
0
_a
Guerrilla snuff
260
_a
Baobab Books
260
_c
cc1995
300
_a
"xiv, 210 p. : ill., maps ; 21 cm."
999
_c
16097
_d
16097